LIBRARY & INFORMATION CENTRE, KCAET, TAVANUR

ONLINE PUBLIC ACCESS CATALOGUE (OPAC)

Methods of theoritical Physics / (Record no. 1926)

MARC details
000 -LEADER
fixed length control field 00464cam a2200181ua 4500
041 ## - LANGUAGE CODE
Language code of text/sound track or separate title eng
082 ## - DEWEY DECIMAL CLASSIFICATION NUMBER
Classification number 530.1
Item number MOR/ME
100 ## - MAIN ENTRY--AUTHOR NAME
Personal name Morse, Philip.M .
245 ## - TITLE STATEMENT
Title Methods of theoritical Physics /
260 ## - PUBLICATION, DISTRIBUTION, ETC. (IMPRINT)
Place of publication Tokyo :
Name of publisher Mc Graw Hill Book Company ,
Year of publication 1953.
300 ## - PHYSICAL DESCRIPTION
Number of Pages 1978 ; .
700 1# - ADDED ENTRY--PERSONAL NAME
Personal name Freshbach, Herman .
942 ## - ADDED ENTRY ELEMENTS (KOHA)
Koha item type Books
Holdings
Withdrawn status Lost status Damaged status Home library Current library Date acquired Full call number Accession Number Koha item type
Withdrawn     KAUAET KAUAET 07/04/2012 530.1 7994 Books
free website counter